000 00345nam a22001577a 4500
999 _c54923
_d54923
005 20190925113048.0
008 190925b ||||| |||| 00| 0 eng d
020 _a9780135153871
041 _aeng
080 _a61
082 _261
100 _a3
101 _aSHM
245 _aProfessionalism in Health Care
_cMakely,Sh
942 _2udc
_cBK